Normal view
MARC view
Entry Personal Name
001 - CONTROL NUMBER
- control field: 35194
003 - CONTROL NUMBER IDENTIFIER
- control field: dpl
005 - DATE AND TIME OF LATEST TRANSACTION
- control field: 20111003115107.0
008 - FIXED-LENGTH DATA ELEMENTS
- fixed length control field: 111003|||a|||||| | ||| d
040 ## - CATALOGING SOURCE
- Original cataloging agency: dpl
- Transcribing agency: dpl
100 ## - HEADING--PERSONAL NAME
- Personal name: Kak, Ram Chandra
670 ## - SOURCE DATA FOUND
- Source citation: Work cat.: (dpl): Kak, Ram Chandra , Hanbdook of the archaeolgical and numismatic in Kashmir /, 2009
670 ## - SOURCE DATA FOUND
- Source citation: Work cat.: (dpl): Kak, Ram Chandra , Hanbdook of the archaeolgical and numismatic in Kashmir /, 2009
